[Event "Oberliga Ost B 2016 2017"]
[Site "Germany"]
[Date "2017.05.06"]
[Round "10.3"]
[White "Wahedi, Ahmad Siar"]
[Black "Hahn, Markus"]
[Result "1/2-1/2"]
[WhiteElo "2294"]
[BlackElo "2333"]
[PlyCount "91"]
[EventDate "2016.10.16"]
[EventType "team-tourn"]
[EventCountry "GER"]
[WhiteTeam "Neuberg SF"]
[BlackTeam "Kasseler SK"]
[WhiteTeamCountry "GER"]
[BlackTeamCountry "GER"]

1. d4 f5 2. e4 fxe4 3. Nc3 Nf6 4. Bg5 c6 5. Bxf6 exf6 6. Nxe4 d5 7. Ng3 Bd6 8.
Bd3 O-O 9. Qf3 f5 10. N3e2 Qg5 11. h4 Qh6 12. g3 f4 13. g4 Qe6 14. g5 Na6 15.
c3 Nc7 16. Kf1 Qg4 17. Re1 Qxf3 18. Nxf3 Bg4 19. Kg2 Bh5 20. Nc1 Rae8 21. Nb3
b6 22. Nbd2 Kf7 23. Bf5 Re7 24. Rxe7+ Kxe7 25. Re1+ Kd8 26. Bd3 Re8 27. Ne5
Bxe5 28. dxe5 Ke7 29. Bf5 Rf8 30. Bh3 Bf7 31. Bf5 Bg6 32. Bxg6 hxg6 33. Kf3 Ke6
34. Kg4 Na6 35. Nf3 c5 36. a3 Nb8 37. h5 gxh5+ 38. Kxh5 Nc6 39. Kg6 Rf7 40. Kh7
Re7 41. g6 Kf5 42. Rd1 Kg4 43. Rd3 c4 44. Nh2+ Kf5 45. Rxd5 Re6 46. Rd6 1/2-1/2

[Event "Oberliga Ost B 2016 2017"]
[Site "Germany"]
[Date "2017.05.06"]
[Round "10.4"]
[White "Kersten, Uwe"]
[Black "Seifert, Christopher"]
[Result "1/2-1/2"]
[WhiteElo "2253"]
[BlackElo "2294"]
[PlyCount "26"]
[EventDate "2016.10.16"]
[EventType "team-tourn"]
[EventCountry "GER"]
[WhiteTeam "Kasseler SK"]
[BlackTeam "Neuberg SF"]
[WhiteTeamCountry "GER"]
[BlackTeamCountry "GER"]

1. d4 Nf6 2. Bf4 c5 3. e3 b6 4. Nf3 g6 5. c3 Bg7 6. h3 O-O 7. Nbd2 d5 8. Ne5
Nfd7 9. Ndf3 Nxe5 10. Bxe5 f6 11. Bg3 Bb7 12. Bb5 a6 13. Ba4 Nd7 1/2-1/2

[Event "Oberliga Ost B 2016 2017"]
[Site "Germany"]
[Date "2017.05.06"]
[Round "10.5"]
[White "Lutz, Klaus Juergen"]
[Black "Kearns, Christopher"]
[Result "1/2-1/2"]
[WhiteElo "2277"]
[BlackElo "2180"]
[PlyCount "65"]
[EventDate "2016.10.16"]
[EventType "team-tourn"]
[EventCountry "GER"]
[WhiteTeam "Neuberg SF"]
[BlackTeam "Kasseler SK"]
[WhiteTeamCountry "GER"]
[BlackTeamCountry "GER"]

1. e4 d5 2. exd5 Nf6 3. Nf3 Bg4 4. h3 Bxf3 5. Qxf3 Qxd5 6. Qxd5 Nxd5 7. d4 e6
8. a3 Nc6 9. Bb5 Nde7 10. c3 O-O-O 11. Bf4 a6 12. Be2 Ng6 13. Be3 e5 14. dxe5
Ncxe5 15. O-O f5 16. g3 Nd3 17. b4 f4 18. Bd4 Nde5 19. Nd2 Nc6 20. Nb3 Nxd4 21.
Nxd4 Kb8 22. Kg2 Bd6 23. Rad1 Be5 24. Ne6 Rxd1 25. Rxd1 fxg3 26. fxg3 Bxc3 27.
Nxc7 Bb2 28. Rd7 Rc8 29. Nd5 Rc2 30. Kf1 Rc1+ 31. Kg2 Rc2 32. Kf1 Rc1+ 33. Kg2
1/2-1/2

[Event "Oberliga Ost B 2016 2017"]
[Site "Germany"]
[Date "2017.05.06"]
[Round "10.6"]
[White "Sergin, Mark"]
[Black "Schaffer, Hendrik"]
[Result "1-0"]
[WhiteElo "2256"]
[BlackElo "2267"]
[PlyCount "79"]
[EventDate "2016.10.16"]
[EventType "team-tourn"]
[EventCountry "GER"]
[WhiteTeam "Kasseler SK"]
[BlackTeam "Neuberg SF"]
[WhiteTeamCountry "GER"]
[BlackTeamCountry "GER"]

1. e4 c5 2. Nc3 Nc6 3. Bb5 Nd4 4. Bc4 e6 5. Nge2 Nf6 6. O-O a6 7. d3 b5 8. Bb3
Nxb3 9. axb3 Bb7 10. f4 d5 11. e5 d4 12. exf6 dxc3 13. f5 e5 14. Nxc3 Qxf6 15.
Qe2 Qe7 16. f6 gxf6 17. Qg4 h5 18. Qf5 Rg8 19. Ne4 h4 20. Rf2 Bg7 21. Be3 Rc8
22. Qh7 Kf8 23. Qxh4 Rh8 24. Qg4 Rc6 25. Ng3 Bc8 26. Qf3 Qc7 27. Raf1 Bh6 28.
Bxh6+ Rxh6 29. Qe3 Rg6 30. h4 Kg7 31. Nh5+ Kf8 32. Nxf6 Qe7 33. Nh7+ Kg8 34.
Rxf7 Qxh4 35. Qf3 Qd4+ 36. Rf2 Bg4 37. Rf8+ Kxh7 38. Qf7+ Rg7 39. Qe8 Rgg6 40.
Rh8+ 1-0

[Event "Oberliga Ost B 2016 2017"]
[Site "Germany"]
[Date "2017.05.06"]
[Round "10.7"]
[White "Skarke, Harald"]
[Black "Cherny, Andrey"]
[Result "0-1"]
[WhiteElo "2013"]
[BlackElo "2161"]
[PlyCount "50"]
[EventDate "2016.10.16"]
[EventType "team-tourn"]
[EventCountry "GER"]
[WhiteTeam "Neuberg SF"]
[BlackTeam "Kasseler SK"]
[WhiteTeamCountry "GER"]
[BlackTeamCountry "GER"]

1. d3 c5 2. g3 Nc6 3. Bg2 g6 4. Nf3 Bg7 5. O-O e5 6. Nbd2 Nge7 7. e4 O-O 8. Qe2
d6 9. c3 h6 10. Nc4 b5 11. Ne3 Rb8 12. Nd2 Be6 13. Nd5 Qd7 14. Re1 Kh7 15. Nf1
f5 16. f4 Ng8 17. Be3 Nf6 18. fxe5 Nxe5 19. Nxf6+ Bxf6 20. d4 cxd4 21. Bxd4 Bc4
22. Qd2 Bg5 23. Be3 Bxf1 24. Bxg5 Bxg2 25. Bxh6 Nf3+ 0-1

[Event "Oberliga Ost B 2016 2017"]
[Site "Germany"]
[Date "2017.05.06"]
[Round "10.8"]
[White "Halt, David"]
[Black "Scherf, Karl Heinrich"]
[Result "1/2-1/2"]
[WhiteElo "2096"]
[BlackElo "1881"]
[PlyCount "107"]
[EventDate "2016.10.16"]
[EventType "team-tourn"]
[EventCountry "GER"]
[WhiteTeam "Kasseler SK"]
[BlackTeam "Neuberg SF"]
[WhiteTeamCountry "GER"]
[BlackTeamCountry "GER"]

1. e4 c5 2. Nc3 a6 3. f4 b5 4. g3 Bb7 5. Bg2 d6 6. d3 Nd7 7. Nf3 e6 8. Qe2 Be7
9. O-O Ngf6 10. h3 O-O 11. g4 Qc7 12. Nh2 Kh8 13. g5 Ng8 14. h4 Nb6 15. b3 d5
16. Bb2 b4 17. Nb1 c4 18. Be5 Bd6 19. Bxd6 Qxd6 20. dxc4 dxc4 21. Nd2 c3 22.
Nc4 Nxc4 23. Qxc4 Rfd8 24. Rf2 Qb6 25. Nf1 Rd4 26. Qe2 Rad8 27. Qe3 Ne7 28. a4
a5 29. Rd1 R8d6 30. Re1 Ba6 31. f5 e5 32. Qg3 Nc6 33. Ne3 Rd2 34. Kh2 Rxf2 35.
Qxf2 Rd2 36. Qg3 f6 37. gxf6 gxf6 38. h5 Nd4 39. h6 Qc7 40. Kh1 Qf7 41. Bh3 Ne2
42. Qh4 Nf4 43. Bg4 Bb7 44. Bf3 Rd8 45. Nc4 Rg8 46. Rg1 Rxg1+ 47. Kxg1 Ba6 48.
Ne3 Be2 49. Kf2 Ba6 50. Ke1 Kg8 51. Ng4 Qa7 52. Qf2 Qxf2+ 53. Kxf2 Kf7 54. Ke3
1/2-1/2

[Event "Oberliga Ost B 2016 2017"]
[Site "Germany"]
[Date "2017.05.07"]
[Round "11.3"]
[White "Friedrich, Wiede"]
[Black "Dubkov, Andrej"]
[Result "0-1"]
[WhiteElo "2302"]
[BlackElo "2283"]
[PlyCount "116"]
[EventDate "2016.10.16"]
[EventType "team-tourn"]
[EventCountry "GER"]
[WhiteTeam "Erfurt SV Empor"]
[BlackTeam "Wiesbadener SV"]
[WhiteTeamCountry "GER"]
[BlackTeamCountry "GER"]

1. e4 c6 2. c4 d5 3. cxd5 cxd5 4. exd5 Nf6 5. Qa4+ Nbd7 6. Nc3 g6 7. Bc4 Bg7 8.
Nf3 O-O 9. d3 a6 10. Qa3 b6 11. O-O Bb7 12. Be3 b5 13. Bb3 Nb6 14. Bxb6 Qxb6
15. Qxe7 a5 16. Qe3 Qxe3 17. fxe3 a4 18. Bd1 Nxd5 19. Nxd5 Bxd5 20. d4 Rfe8 21.
Re1 Bh6 22. Ne5 f6 23. Nd7 Kg7 24. Kf2 Ra7 25. Nb6 Bf7 26. Bf3 Rc7 27. Re2 Rd8
28. b3 a3 29. Rd1 Rd6 30. Na8 Rc8 31. e4 Ra6 32. e5 fxe5 33. dxe5 Raxa8 34.
Bxa8 Rxa8 35. Rd7 Kg8 36. e6 Be8 37. Rb7 Bg7 38. Ke3 Rd8 39. g3 Bc6 40. Rc7
Bd4+ 41. Kf4 Rf8+ 42. Rf7 Rxf7+ 43. exf7+ Kxf7 44. Rc2 Be8 45. Rc7+ Kf6 46. Ke4
Bb2 47. Rc8 Bd7 48. Rf8+ Ke7 49. Rb8 Kd6 50. h4 Bf5+ 51. Ke3 Kc5 52. Rf8 Be6
53. Ra8 Kb4 54. h5 gxh5 55. Ke4 Bxb3 56. axb3 Kxb3 57. Kd5 b4 58. Kc5 Bc3 0-1

[Event "Oberliga Ost B 2016 2017"]
[Site "Germany"]
[Date "2017.05.07"]
[Round "11.5"]
[White "Pichl, Michael"]
[Black "Gottschalk, Jens"]
[Result "0-1"]
[WhiteElo "2055"]
[BlackElo "2282"]
[PlyCount "76"]
[EventDate "2016.10.16"]
[EventType "team-tourn"]
[EventCountry "GER"]
[WhiteTeam "Erfurt SV Empor"]
[BlackTeam "Wiesbadener SV"]
[WhiteTeamCountry "GER"]
[BlackTeamCountry "GER"]

1. g3 Nf6 2. Bg2 d5 3. Nf3 Bg4 4. d3 c6 5. Nbd2 Nbd7 6. O-O e5 7. e4 dxe4 8.
dxe4 Bc5 9. c3 O-O 10. b4 Be7 11. Bb2 a5 12. a3 Qc7 13. Qc2 c5 14. bxa5 c4 15.
h3 Bh5 16. Rfe1 Rxa5 17. a4 Rfa8 18. Nh4 Nb6 19. Nf5 Rxa4 20. Rxa4 Rxa4 21. Bf1
Bc5 22. Ra1 Rxa1 23. Bxa1 Bg6 24. Nh4 Ne8 25. Bb2 Nd6 26. Nxg6 hxg6 27. Bc1 Nd7
28. Kg2 b5 29. f4 Qc6 30. Be2 Ba7 31. Qd1 Qc5 32. Qe1 exf4 33. gxf4 Qe3 34. Nf3
Qxe4 35. Kh2 Be3 36. Bxe3 Qxe3 37. Qd2 Qf2+ 38. Kh1 Ne4 0-1

[Event "Oberliga Ost B 2016 2017"]
[Site "Germany"]
[Date "2017.05.07"]
[Round "11.6"]
[White "Minor, Samuel"]
[Black "Nicolai, Tim"]
[Result "1-0"]
[WhiteElo "2189"]
[BlackElo "1851"]
[PlyCount "65"]
[EventDate "2016.10.16"]
[EventType "team-tourn"]
[EventCountry "GER"]
[WhiteTeam "Wiesbadener SV"]
[BlackTeam "Erfurt SV Empor"]
[WhiteTeamCountry "GER"]
[BlackTeamCountry "GER"]

1. e4 e5 2. Bc4 Nf6 3. d3 Nc6 4. Nf3 Be7 5. O-O d6 6. c3 h6 7. Nbd2 g5 8. b4 g4
9. Ne1 h5 10. Nc2 Be6 11. Ne3 Qd7 12. Nd5 Nd8 13. Nxe7 Qxe7 14. f4 gxf3 15.
Qxf3 Rh6 16. Bxe6 Nxe6 17. Nc4 Rg6 18. d4 exd4 19. e5 Nd7 20. exd6 cxd6 21.
Nxd6+ Kd8 22. Nxb7+ Kc7 23. Na5 Rb8 24. Nc6 Qh4 25. Nxb8 Kxb8 26. cxd4 Qxd4+
27. Be3 Qg7 28. Bf4+ Nxf4 29. Qxf4+ Ne5 30. Rae1 Rxg2+ 31. Kh1 f6 32. Rxe5 fxe5
33. Qf8+ 1-0

[Event "Oberliga Ost B 2016 2017"]
[Site "Germany"]
[Date "2017.05.07"]
[Round "11.1"]
[White "Wehner, Janis"]
[Black "Kunin, Vitaly"]
[Result "1/2-1/2"]
[WhiteElo "2210"]
[BlackElo "2595"]
[PlyCount "100"]
[EventDate "2016.10.16"]
[EventType "team-tourn"]
[EventCountry "GER"]
[WhiteTeam "Erfurt SV Medizin"]
[BlackTeam "Moerlenbach Birkenau Freibauer"]
[WhiteTeamCountry "GER"]
[BlackTeamCountry "GER"]

1. e4 d6 2. d4 Nf6 3. Nc3 Nbd7 4. g3 e5 5. Nge2 g5 6. Bg2 Bg7 7. O-O O-O 8.
dxe5 dxe5 9. Nd5 c6 10. Nxf6+ Qxf6 11. Be3 Rd8 12. Qc1 Qe7 13. Rd1 b6 14. Rd2
Ba6 15. Qe1 Nc5 16. Rad1 Ne6 17. Rxd8+ Rxd8 18. Rxd8+ Qxd8 19. Nc1 Bf8 20. Qd2
Bd6 21. Bf1 Bb7 22. Bc4 Qe7 23. Nb3 Bc7 24. a4 h5 25. h4 c5 26. Bd5 Ba6 27. c4
Qd7 28. a5 Nf4 29. axb6 axb6 30. gxf4 Qg4+ 31. Kf1 exf4 32. Bxc5 bxc5 33. Nxc5
Bc8 34. e5 Qxh4 35. e6 Bxe6 36. Nxe6 Qh3+ 37. Ke2 fxe6 38. Be4 Qg4+ 39. f3 Qg2+
40. Ke1 Qg1+ 41. Ke2 Qg2+ 42. Ke1 Qg1+ 43. Ke2 Bb6 44. Qd7 Qe3+ 45. Kd1 Qb3+
46. Kc1 Qxc4+ 47. Kb1 Bd4 48. Bg6 Qf1+ 49. Ka2 Qc4+ 50. Kb1 Qf1+ 1/2-1/2

[Event "Oberliga Ost B 2016 2017"]
[Site "Germany"]
[Date "2017.05.07"]
[Round "11.2"]
[White "Galdunts, Sergey"]
[Black "Nguyen, Huy Dat"]
[Result "1/2-1/2"]
[WhiteElo "2415"]
[BlackElo "2174"]
[PlyCount "48"]
[EventDate "2016.10.16"]
[EventType "team-tourn"]
[EventCountry "GER"]
[WhiteTeam "Moerlenbach Birkenau Freibauer"]
[BlackTeam "Erfurt SV Medizin"]
[WhiteTeamCountry "GER"]
[BlackTeamCountry "GER"]

1. Nf3 Nf6 2. g3 b6 3. Bg2 Bb7 4. d3 e6 5. e4 d6 6. O-O Be7 7. Re1 Nbd7 8. a4
a6 9. c4 O-O 10. Nc3 c5 11. h3 Qc7 12. Nh2 Rfe8 13. f4 h6 14. Nf3 Rad8 15. Qe2
Qb8 16. Bd2 Qa8 17. a5 Qb8 18. axb6 Nxb6 19. Nd1 d5 20. e5 Nfd7 21. h4 Qc7 22.
Ne3 dxc4 23. dxc4 Nb8 24. Kh2 Nc6 1/2-1/2

[Event "Oberliga Ost B 2016 2017"]
[Site "Germany"]
[Date "2017.05.07"]
[Round "11.3"]
[White "Kirschbaum, Gunnar"]
[Black "Legde, Georg"]
[Result "0-1"]
[WhiteElo "2141"]
[BlackElo "2309"]
[PlyCount "36"]
[EventDate "2016.10.16"]
[EventType "team-tourn"]
[EventCountry "GER"]
[WhiteTeam "Erfurt SV Medizin"]
[BlackTeam "Moerlenbach Birkenau Freibauer"]
[WhiteTeamCountry "GER"]
[BlackTeamCountry "GER"]

1. d4 Nf6 2. c4 e6 3. Nc3 Bb4 4. e3 O-O 5. Bd3 c5 6. Nge2 cxd4 7. exd4 d5 8.
cxd5 Nxd5 9. O-O Nc6 10. a3 Bd6 11. Nxd5 exd5 12. Bf4 Bg4 13. f3 Bh5 14. Qb3
Nxd4 15. Qxd5 Nxe2+ 16. Bxe2 Bxf4 17. Qxh5 Re8 18. Qb5 Qh4 0-1

[Event "Oberliga Ost B 2016 2017"]
[Site "Germany"]
[Date "2017.05.07"]
[Round "11.4"]
[White "Dittmar, Peter"]
[Black "Reichel, Norbert"]
[Result "1/2-1/2"]
[WhiteElo "2266"]
[BlackElo "2131"]
[PlyCount "58"]
[EventDate "2016.10.16"]
[EventType "team-tourn"]
[EventCountry "GER"]
[WhiteTeam "Moerlenbach Birkenau Freibauer"]
[BlackTeam "Erfurt SV Medizin"]
[WhiteTeamCountry "GER"]
[BlackTeamCountry "GER"]

1. e4 c5 2. Nf3 g6 3. c3 Nf6 4. e5 Nd5 5. d4 cxd4 6. Qxd4 Nb6 7. h4 Nc6 8. Qe4
d5 9. exd6 Qxd6 10. Bf4 Qd5 11. Nbd2 Bf5 12. Qxd5 Nxd5 13. Bg3 Bg7 14. Bb5 O-O
15. O-O a6 16. Ba4 b5 17. Bb3 Nf6 18. Rfe1 Ra7 19. Ne5 Nxe5 20. Bxe5 Rb7 21.
Nf3 Bd3 22. Nd4 Rc8 23. Ne6 Bh6 24. Rad1 Bc4 25. Rd8+ Rxd8 26. Nxd8 Rd7 27. Nc6
Nd5 28. Bxc4 bxc4 29. Re4 f6 1/2-1/2

[Event "Oberliga Ost B 2016 2017"]
[Site "Germany"]
[Date "2017.05.07"]
[Round "11.5"]
[White "Jakob, Matthias"]
[Black "Felgendreher, Heiko"]
[Result "0-1"]
[WhiteElo "2068"]
[BlackElo "2222"]
[PlyCount "80"]
[EventDate "2016.10.16"]
[EventType "team-tourn"]
[EventCountry "GER"]
[WhiteTeam "Erfurt SV Medizin"]
[BlackTeam "Moerlenbach Birkenau Freibauer"]
[WhiteTeamCountry "GER"]
[BlackTeamCountry "GER"]

1. d4 Nf6 2. Nf3 g6 3. Nc3 d5 4. Bf4 Bg7 5. e3 Bg4 6. Be2 Bxf3 7. Bxf3 c6 8.
O-O O-O 9. Nb1 Nbd7 10. Nd2 Re8 11. c3 e5 12. dxe5 Nxe5 13. Bxe5 Rxe5 14. Qb3
Qc7 15. Rad1 Rd8 16. Rfe1 Bf8 17. Nf1 Nd7 18. Rd2 b5 19. Red1 Rde8 20. Qc2 Bh6
21. b3 Nb6 22. Be2 Bg7 23. Bf3 Qe7 24. Ng3 f5 25. Ne2 Qf6 26. a4 bxa4 27. bxa4
Rd8 28. Rb1 Nc4 29. Rdd1 Na3 30. Qd3 Nxb1 31. Rxb1 Re7 32. Qa6 f4 33. Nxf4 Qxc3
34. h4 Be5 35. Nd3 Re6 36. Rc1 Qa3 37. Rd1 Bb8 38. h5 Qd6 39. g3 Rf8 40. Be2
Rxe3 0-1

[Event "Oberliga Ost B 2016 2017"]
[Site "Germany"]
[Date "2017.05.07"]
[Round "11.6"]
[White "Boehmer, Christian"]
[Black "Sunderbrink, Heino"]
[Result "1-0"]
[WhiteElo "2166"]
[BlackElo "1864"]
[PlyCount "61"]
[EventDate "2016.10.16"]
[EventType "team-tourn"]
[EventCountry "GER"]
[WhiteTeam "Moerlenbach Birkenau Freibauer"]
[BlackTeam "Erfurt SV Medizin"]
[WhiteTeamCountry "GER"]
[BlackTeamCountry "GER"]

1. b3 Nf6 2. Bb2 e6 3. e3 Be7 4. Nf3 b6 5. c4 Bb7 6. Be2 d6 7. d3 Nbd7 8. Nbd2
O-O 9. Qc2 Re8 10. Rg1 e5 11. g4 Nc5 12. g5 Nfd7 13. h4 Bf8 14. d4 exd4 15.
Nxd4 g6 16. O-O-O a5 17. Bf3 Bxf3 18. N2xf3 Nb8 19. h5 Bg7 20. Rh1 Qe7 21. hxg6
fxg6 22. Rh4 Ne4 23. Rdh1 Nxg5 24. Nxg5 Qxg5 25. Rxh7 Re7 26. Ne6 Bxb2+ 27.
Qxb2 Rxh7 28. Nxg5 Rxh1+ 29. Kd2 Nd7 30. Qc2 Rh6 31. Qe4 1-0

[Event "Oberliga Ost B 2016 2017"]
[Site "Germany"]
[Date "2017.05.07"]
[Round "11.7"]
[White "Nguyen, Ha Thanh"]
[Black "Klings, Peter"]
[Result "1/2-1/2"]
[WhiteElo "1704"]
[BlackElo "2147"]
[PlyCount "87"]
[EventDate "2016.10.16"]
[EventType "team-tourn"]
[EventCountry "GER"]
[WhiteTeam "Erfurt SV Medizin"]
[BlackTeam "Moerlenbach Birkenau Freibauer"]
[WhiteTeamCountry "GER"]
[BlackTeamCountry "GER"]

1. e4 g6 2. d4 Bg7 3. Nc3 d6 4. Be3 c6 5. f3 b5 6. a3 a6 7. Nge2 Nd7 8. h4 h5
9. g3 Ngf6 10. Bg2 Bb7 11. O-O Qc7 12. Qd2 Rd8 13. Rad1 e5 14. Qc1 a5 15. b3 b4
16. axb4 axb4 17. Na4 Ba6 18. Rfe1 exd4 19. Bxd4 c5 20. Be3 Ne5 21. Nf4 O-O 22.
Kf2 Bb7 23. c3 bxc3 24. Nxc3 Qa5 25. Qc2 Nfg4+ 26. Kg1 Nxe3 27. Rxe3 Nc6 28.
Nce2 Nd4 29. Qb1 Rfe8 30. Kh2 d5 31. Red3 dxe4 32. fxe4 Qb4 33. Nxd4 cxd4 34.
R3d2 Rb8 35. Ne2 Red8 36. Qd3 Qb6 37. Qf3 Bc6 38. Nc1 Re8 39. Qf4 Be5 40. Qf2
Bb5 41. Bf1 Bxf1 42. Rxf1 Rb7 43. Rd3 Qe6 44. Rf3 1/2-1/2

[Event "Oberliga Ost B 2016 2017"]
[Site "Germany"]
[Date "2017.05.07"]
[Round "11.1"]
[White "Rafiee, Makan"]
[Black "De Visser, Leon"]
[Result "1-0"]
[WhiteElo "2318"]
[BlackElo "2258"]
[PlyCount "73"]
[EventDate "2016.10.16"]
[EventType "team-tourn"]
[EventCountry "GER"]
[WhiteTeam "Kasseler SK"]
[BlackTeam "Frankfurt SC Brett vorm Kopp"]
[WhiteTeamCountry "GER"]
[BlackTeamCountry "GER"]

1. e4 c6 2. d4 d5 3. Nc3 dxe4 4. Nxe4 Bf5 5. Ng3 Bg6 6. Nf3 Nd7 7. h4 h6 8. h5
Bh7 9. Bd3 Bxd3 10. Qxd3 e6 11. Bd2 Ngf6 12. O-O-O Be7 13. Qe2 c5 14. Rhe1 O-O
15. Nf5 Re8 16. Nxe7+ Qxe7 17. Rg1 cxd4 18. Nxd4 Rad8 19. g4 Nh7 20. Kb1 Ndf6
21. Nf3 Qc5 22. g5 hxg5 23. Nxg5 Qf5 24. Nxh7 Kxh7 25. f3 Nd5 26. Rg4 Rc8 27.
Bc1 f6 28. Rdg1 Rc7 29. Qd2 Ree7 30. Rg6 Qxh5 31. Qg2 Qf5 32. Rh6+ Kg8 33. Qh2
e5 34. Rh5 Rxc2 35. Rh8+ Kf7 36. Qxc2 Qxc2+ 37. Kxc2 1-0

[Event "Oberliga Ost B 2016 2017"]
[Site "Germany"]
[Date "2017.05.07"]
[Round "11.3"]
[White "Hahn, Markus"]
[Black "Wendel, Stephan"]
[Result "0-1"]
[WhiteElo "2333"]
[BlackElo "2273"]
[PlyCount "66"]
[EventDate "2016.10.16"]
[EventType "team-tourn"]
[EventCountry "GER"]
[WhiteTeam "Kasseler SK"]
[BlackTeam "Frankfurt SC Brett vorm Kopp"]
[WhiteTeamCountry "GER"]
[BlackTeamCountry "GER"]

1. Nf3 Nf6 2. d4 g6 3. c4 Bg7 4. Nc3 O-O 5. e4 d6 6. h3 e5 7. d5 a5 8. Bg5 Na6
9. g4 Qe8 10. Rg1 Kh8 11. Be2 Nd7 12. a3 f5 13. gxf5 gxf5 14. Nh4 Ndc5 15. Nxf5
Rxf5 16. exf5 Bxf5 17. Rg3 a4 18. h4 h6 19. Be3 Qe7 20. Nxa4 Ne4 21. Rg4 Bxg4
22. Bxg4 Qxh4 23. Qf3 Nf6 24. Be6 Qxc4 25. Nc3 Nb4 26. Qf5 e4 27. Bxh6 Nd3+ 28.
Kd1 Qb3+ 29. Ke2 Qxb2+ 30. Bd2 Qxa1 31. Qh3+ Nh7 32. Bf5 Qe1+ 33. Bxe1 Nf4+ 0-1

[Event "Oberliga Ost B 2016 2017"]
[Site "Germany"]
[Date "2017.05.07"]
[Round "11.4"]
[White "Wege, Jochen"]
[Black "Humburg, Philipp"]
[Result "1-0"]
[WhiteElo "2295"]
[BlackElo "2212"]
[PlyCount "87"]
[EventDate "2016.10.16"]
[EventType "team-tourn"]
[EventCountry "GER"]
[WhiteTeam "Frankfurt SC Brett vorm Kopp"]
[BlackTeam "Kasseler SK"]
[WhiteTeamCountry "GER"]
[BlackTeamCountry "GER"]

1. e4 c6 2. d4 d5 3. e5 Bf5 4. h4 h5 5. Bd3 Bxd3 6. Qxd3 e6 7. Bg5 Qb6 8. Nd2
Ne7 9. Ngf3 Qa6 10. c4 Nd7 11. O-O Nf5 12. Qc2 Bb4 13. c5 Bxd2 14. Qxd2 b6 15.
b4 bxc5 16. dxc5 Qa4 17. Nd4 Nxd4 18. Qxd4 Rb8 19. Bd2 Rb5 20. Qf4 Rh6 21. Qg5
Rg6 22. Qxh5 Qc2 23. Qh8+ Nf8 24. h5 Rg4 25. f3 Rxg2+ 26. Kxg2 Qxd2+ 27. Kh3
Qg5 28. Rab1 Qf5+ 29. Kg2 Qxe5 30. a4 Qg5+ 31. Kh3 Qf5+ 32. Kg3 Qe5+ 33. f4
Qe3+ 34. Kh4 Rb7 35. Qxg7 Qd2 36. Rb2 Qd3 37. Rff2 a6 38. Qe5 Qh7 39. Rg2 f6
40. Qd6 Rd7 41. Qxc6 Qf5 42. Rg4 Kd8 43. Qa8+ Ke7 44. Rg7# 1-0

[Event "Oberliga Ost B 2016 2017"]
[Site "Germany"]
[Date "2017.05.07"]
[Round "11.6"]
[White "Waffenschmidt, Joachim"]
[Black "Kearns, Christopher"]
[Result "0-1"]
[WhiteElo "2038"]
[BlackElo "2180"]
[PlyCount "222"]
[EventDate "2016.10.16"]
[EventType "team-tourn"]
[EventCountry "GER"]
[WhiteTeam "Frankfurt SC Brett vorm Kopp"]
[BlackTeam "Kasseler SK"]
[WhiteTeamCountry "GER"]
[BlackTeamCountry "GER"]

1. d4 Nf6 2. c4 e6 3. g3 d5 4. Bg2 dxc4 5. Nf3 Bb4+ 6. Bd2 c5 7. O-O O-O 8.
dxc5 Bxc5 9. Nc3 Nbd7 10. Bf4 Qa5 11. Nd2 e5 12. Nxc4 Qc7 13. Be3 Bd4 14. Bxd4
Qxc4 15. Be3 Ng4 16. Bg5 Ngf6 17. Qd6 Re8 18. Rac1 Qg4 19. Be3 Nf8 20. h3 Qh5
21. Nd5 Nxd5 22. Qxd5 Qxe2 23. Rc7 Ne6 24. Rcc1 Qxb2 25. Rb1 Qa3 26. Qxe5 Qf8
27. Rfe1 h6 28. Bxb7 Bxb7 29. Rxb7 Nd8 30. Qc7 Nxb7 31. Qxb7 Qe7 32. Qb1 Qe4
33. Qa1 Qe5 34. Qxe5 Rxe5 35. Rb1 Ra5 36. Rb2 Rd8 37. Kg2 f6 38. Rb7 a6 39. Bb6
Rb5 40. a4 Rb2 41. a5 Ra8 42. h4 h5 43. Rd7 Rb3 44. Rd5 Rb5 45. Rd6 Kf7 46.
Rd7+ Kg6 47. Rc7 Rd5 48. Re7 Kh7 49. Rc7 Re5 50. Rd7 Kg8 51. Rc7 Ree8 52. Rd7
Kh7 53. Kf3 Kg6 54. Kg2 Rf8 55. Rd6 Rf7 56. Be3 Re7 57. Rc6 Rd7 58. Re6 Kf7 59.
Rc6 Rb7 60. Bb6 Ke7 61. Rc5 Rh8 62. Rd5 Ke6 63. Rd3 Rc8 64. Re3+ Kf7 65. Rd3
Re8 66. Rd5 Rbe7 67. Bd4 Ke6 68. Rxh5 Rd7 69. Bb6 Rd5 70. Rxd5 Kxd5 71. Kf3 Ke5
72. Kg4 Rh8 73. Be3 g6 74. Kf3 Rc8 75. Bb6 Rc3+ 76. Kg4 Rc4+ 77. Kf3 Kf5 78.
Ke2 Kg4 79. Kd3 Rb4 80. Kc3 Rb5 81. Kc4 f5 82. Kd3 Kf3 83. Kc2 Kg4 84. Kc3 f4
85. gxf4 Kxh4 86. Kd4 Kg4 87. Ke4 Kh3 88. Bc7 Kg2 89. Bb6 Kf1 90. Kd3 Ke1 91.
Ke3 Kd1 92. Kd3 Kc1 93. Kc3 Kb1 94. Kd3 Ka2 95. Kc4 Ka3 96. Bc7 Ka4 97. Bb6
Rb4+ 98. Kc5 Rxf4 99. Kc6 Rf6+ 100. Kb7 Kb5 101. Ka7 g5 102. Kb7 g4 103. Kc7
Rc6+ 104. Kb7 Rc2 105. Ka7 Ra2 106. Kb7 Rxa5 107. Bxa5 Kxa5 108. Kc6 Kb4 109.
Kd5 a5 110. Kd4 a4 111. Kd3 Kb3 0-1

[Event "Oberliga Ost B 2016 2017"]
[Site "Germany"]
[Date "2017.05.07"]
[Round "11.7"]
[White "Sergin, Mark"]
[Black "Syed, Tareq"]
[Result "1/2-1/2"]
[WhiteElo "2256"]
[BlackElo "2010"]
[PlyCount "54"]
[EventDate "2016.10.16"]
[EventType "team-tourn"]
[EventCountry "GER"]
[WhiteTeam "Kasseler SK"]
[BlackTeam "Frankfurt SC Brett vorm Kopp"]
[WhiteTeamCountry "GER"]
[BlackTeamCountry "GER"]

1. e4 d6 2. d4 Nf6 3. Nc3 e5 4. Nf3 Nbd7 5. Bc4 Be7 6. O-O O-O 7. Re1 a6 8. a4
b6 9. h3 Bb7 10. Ba2 h6 11. Qe2 Kh7 12. dxe5 dxe5 13. Nd5 Bd6 14. Nc3 Qe7 15.
Nh2 Nc5 16. Ng4 c6 17. Ne3 g6 18. Nc4 Bc7 19. Qe3 Ng8 20. b4 Nd7 21. Rb1 b5 22.
Na5 Rab8 23. axb5 axb5 24. Bd2 Bb6 25. Qf3 Bc8 26. Be3 Bc7 27. Nb3 Bd6 1/2-1/2

[Event "Oberliga Ost B 2016 2017"]
[Site "Germany"]
[Date "2017.05.07"]
[Round "11.1"]
[White "Zimmermann, Hendrik"]
[Black "Feldtmann, Thomas"]
[Result "0-1"]
[WhiteElo "2157"]
[BlackElo "2221"]
[PlyCount "84"]
[EventDate "2016.10.16"]
[EventType "team-tourn"]
[EventCountry "GER"]
[WhiteTeam "Frankfurt SC Koenig Nied"]
[BlackTeam "Marburg SK"]
[WhiteTeamCountry "GER"]
[BlackTeamCountry "GER"]

1. d4 Nf6 2. c4 e6 3. Nc3 Bb4 4. e3 O-O 5. Nge2 Re8 6. a3 Bf8 7. Ng3 d5 8. Be2
b6 9. cxd5 exd5 10. b4 c6 11. O-O Ba6 12. b5 cxb5 13. Nxb5 Nc6 14. Bd2 Bb7 15.
Nc3 Na5 16. Na4 Nc4 17. Bb4 Re6 18. Ra2 Bc6 19. Nb2 Nxb2 20. Rxb2 Qd7 21. Bd3
Bb5 22. Bxf8 Bxd3 23. Qxd3 Rxf8 24. Rc1 Rc8 25. Rbc2 Rec6 26. h3 g6 27. Ne2 b5
28. Rxc6 Rxc6 29. Rxc6 Qxc6 30. Nc3 a6 31. f4 h5 32. g3 Kg7 33. Kg2 Ne8 34. g4
hxg4 35. hxg4 Nd6 36. Kf3 Nc4 37. Na2 a5 38. Nc3 Nxa3 39. f5 b4 40. Ne2 Qc2 41.
Qa6 Qe4+ 42. Kf2 Nc4 0-1